Défi : clavier AZERTY en 15 secondes - Statistiques

Statistiques générales
  • Ce quiz a été pris 895 fois
  • Le résultat moyen est 21 sur 26
Statistiques - réponses
Clavier AZERTY % Correct
A
100%
E
98%
Z
98%
R
97%
T
96%
Y
94%
I
84%
U
84%
O
83%
P
80%
D
79%
Q
79%
S
78%
F
77%
G
77%
J
77%
H
76%
K
76%
L
76%
M
75%
W
73%
C
72%
X
72%
B
71%
N
70%
V
70%
Aucun quiz correspondant
Distribution des résultats
% des personnes avec chaque résultat
Percentile par nombre de réponses
Votre historique - résultats
Vous n’avez pas pris ce quiz